| 000 | 00420nam a2200181Ia 4500 | ||
|---|---|---|---|
| 008 | 090123s9999 xx 000 0 und d | ||
| 082 | _b41396 | ||
| 100 | _aSWAMI CHINMAYANAND | ||
| 245 | _aAS I THINK | ||
| 250 | _a0 | ||
| 260 | _bSENTRAL CHINMAY MISSION TRUST | ||
| 300 | _a49 | ||
| 600 | _aSWAMI CHINMAYANAND | ||
| 630 | _aAS I THINK | ||
| 700 | _aSWAMI CHINMAYANAND | ||
| 730 | _aAS I THINK | ||
| 942 | _cBOOK | ||
| 999 |
_c79471 _d79471 |
||